000 00810nam a22003130a 4500
001 PT29913
003 AR-LpoUNG
005 20210131233556.0
008 191001s1981||||ag |||||||||||||||||spa d
020 _a950614642X
_c$41.70
040 _aAR-LpoUNG
_bspa
_cAR-LpoUNG
_eaacr
041 _aspa
044 _aag
082 0 _a982.064 427ret
100 1 _aRiz, Liliana de
245 1 0 _aRetorno y derrumbe :
_bel último gobierno peronista
250 _a1§ edición
260 _aBuenos Aires :
_bHyspamérica,
_c1981.
300 _a211 p. :
_btbls.
650 4 _aARGENTINA
650 4 _aHISTORIA POLITICA
650 4 _aMOVIMIENTOS POLITICOS
650 4 _aPARTICIPACION POLITICA
650 4 _aPODER POLITICO
650 4 _aPOLITICA
651 4 _aArgentina
905 _a29913
942 _cLIB
999 _c21454
_d21454